000 00834nam a2200253Ia 4500
003 OSt
005 20220927110435.0
006 a|||||r|||| 00| 0
007 ta
008 220926b |||||||| |||| 00| 0 eng d
024 _a84238
037 _cReports
040 _aRTL
_cRTL
_beng
041 _2eng
_aeng
082 _a"X9(D2).73.N5t, J5.2/GD"
110 _a"United States Of America, Water Resoruces And Power (Task Forceon-). (1953) (Chairman : Ben Moreell)"
_9378245
245 0 _aReport
260 _aWashington
_bGovt Press
_c1955
490 _v3V
650 _aEngineering
700 _a"United States Of America, Water Resoruces And Power (Task Forceon-). (1953) (Chairman : Ben Moreell)"
_9378246
942 _h"X9(D2).73.N5t, J5.2/GD"
_cCC
999 _c696698
_d696698